000 00672nam a2200217 a 4500
999 _c8638
_d8638
001 8638
003 OST
005 20180228165656.0
008 180217b1976 bg a|||| |||| 000 0 ben d
035 _a(BD-JhCC)8638
040 _aBD-JhCC
_dBD-JhCC
041 _aben
082 _a591
_bKHA 1976
100 _aখন্দকার, ডক্টর এন. আলম
245 _aমেরুদন্ডী প্রাণী /
_c ডক্টর এন. আলম খন্দকার
260 _aঢাকা :
_bবাংলা একাডেমী,
_c1976.
300 _a363 p. :
_c22 cm.
_bill . ;
650 _aVertebrates
942 _2ddc
_cBK